| 000 | 00806nam a22002057a 4500 | ||
|---|---|---|---|
| 999 |
_c15160 _d15160 |
||
| 003 | OSt | ||
| 082 | _2631.587 MEE/EF | ||
| 088 | _aP 258 | ||
| 100 |
_aMEERA T. BALAN _93459 |
||
| 245 | _aEffect of different irrigation and fertigation levels on performance of cowpea under polyhouse | ||
| 260 |
_aTavanur 2013 _bDepartment of Irrigation And Drainage Engineering |
||
| 300 | _a65 | ||
| 500 | _aEffect of different irrigation and fertigation levels on performance of cowpea under polyhouse | ||
| 520 | _aEffect of different irrigation and fertigation levels on performance of cowpea under polyhouse | ||
| 700 |
_aSajna A _93460 |
||
| 700 |
_aSwetha K.P _93461 |
||
| 700 |
_aEr. Anu Varughese (Guide) _93436 |
||
| 856 | _uhttps://drive.google.com/open?id=18R8oEkNXaIHdazYPBluAS3E35XlRtrvq | ||
| 942 | _cPR | ||